000 00237nam a2200097Ia 4500
001 814438
005 20250826171637.0
008 250824s9999 xx 000 0 und d
245 0 _aMETRO 2033
_cDMITRY GLUKHOVSKY
260 _bPANAMA YAYINLARI
999 _c814438
_d814438